[Event "39th Zurich Christmas"]
[Site "Zurich SUI"]
[Date "2015.12.27"]
[Round "2.18"]
[White "Hauser, Robert"]
[Black "Riff, Vincent"]
[Result "0-1"]
[BlackTitle "FM"]
[WhiteElo "2100"]
[BlackElo "2372"]
[WhiteFideId "1307720"]
[BlackFideId "617776"]
[EventDate "2015.12.26"]

1. d4 d5 2. Nf3 Nf6 3. c3 g6 4. Bf4 Bg7 5. e3 O-O 6. Bd3 c5 7. h3 Qb6 8. Qb3 Nc6
9. Nbd2 c4 10. Qxb6 axb6 11. Bc2 b5 12. Ne5 Nd7 13. Nxc6 bxc6 14. O-O e5 15. Bh2
b4 16. a3 b3 17. Bd1 exd4 18. exd4 Nb6 19. g4 Na4 20. Rb1 f5 21. f4 fxg4 22.
Bxg4 c5 23. Nf3 cxd4 24. cxd4 Bf5 25. Bxf5 Rxf5 26. Rf2 Re8 27. Ne5 Bxe5 28.
fxe5 Rxf2 29. Kxf2 Kf7 30. Bf4 Ke6 31. Bd2 Rf8+ 32. Kg3 Rf7 33. h4 Rc7 34. Ba5
Rb7 35. Bb4 h6 36. Kg4 Rf7 37. Kg3 Rf5 38. Bd2 g5 39. hxg5 hxg5 40. Be3 c3 41.
bxc3 b2 42. Bd2 g4 43. Kg2 Rf3 44. Rh1 Rd3 45. Bg5 Nxc3 46. Rh6+ Kf5 0-1

[Event "39th Zurich Christmas"]
[Site "Zurich SUI"]
[Date "2015.12.27"]
[Round "3.2"]
[White "Riff, Vincent"]
[Black "Bauer, Christian"]
[Result "0-1"]
[WhiteTitle "FM"]
[BlackTitle "GM"]
[WhiteElo "2372"]
[BlackElo "2624"]
[WhiteFideId "617776"]
[BlackFideId "603767"]
[EventDate "2015.12.26"]

1. Nf3 c5 2. e4 e6 3. d4 cxd4 4. Nxd4 a6 5. Bd3 g6 6. O-O Bg7 7. Nb3 Ne7 8. Nc3
Nbc6 9. a4 d6 10. Be2 O-O 11. Bf4 e5 12. Be3 Be6 13. Nd5 Bxd5 14. exd5 Nb4 15.
Bg5 Nbxd5 16. Bf3 Nf4 17. Bxb7 Ra7 18. Bf3 h6 19. Bxf4 exf4 20. Rb1 Qd7 21. a5
Rb8 22. Nd4 Qa4 23. c3 Qxa5 24. Re1 Be5 25. Nc2 Kg7 26. Nb4 Rxb4 27. cxb4 Qxb4
28. Re4 Qb6 29. g3 fxg3 30. hxg3 Nf5 31. Kg2 a5 32. Qd3 Rc7 33. Re2 Nd4 34. Rd2
Qb4 35. Rbd1 h5 36. Bd5 Rc5 37. Ba2 Qb7+ 38. f3 Nf5 39. Re2 Bxg3 40. Bd5 Qd7 0-1

[Event "39th Zurich Christmas"]
[Site "Zurich SUI"]
[Date "2015.12.27"]
[Round "3.3"]
[White "Dragnev, Valentin"]
[Black "Vorobiov, Evgeny E."]
[Result "1/2-1/2"]
[WhiteTitle "FM"]
[BlackTitle "GM"]
[WhiteElo "2356"]
[BlackElo "2574"]
[WhiteFideId "1634852"]
[BlackFideId "4121341"]
[EventDate "2015.12.26"]

1. e4 c5 2. Nf3 Nc6 3. Bb5 e6 4. O-O Nge7 5. d4 cxd4 6. Nxd4 Ng6 7. Be3 Be7 8.
Be2 O-O 9. c4 Nxd4 10. Qxd4 b6 11. Nc3 Bb7 12. Qd2 Bb4 13. f3 Qe7 14. Rfd1 Rfd8
15. a3 Bc5 16. b4 Bxe3+ 17. Qxe3 Bc6 18. Rd2 d6 19. a4 Qc7 20. a5 bxa5 21. b5
Be8 22. Rda2 Ne5 23. Qd4 Rac8 24. Rxa5 Qb6 25. Qxb6 axb6 26. R5a4 Kf8 27. f4 Nd7
28. Kf2 Nc5 29. R4a3 f6 30. h4 Bf7 31. Na4 Nd7 32. g3 Rc7 33. Nb2 Nc5 34. Bf3 h6
35. Ra7 Rxa7 36. Rxa7 d5 37. cxd5 exd5 38. exd5 Bxd5 39. Bxd5 Rxd5 40. Nc4 Ne6
41. Rb7 Rxb5 42. Rxb6 Rxb6 43. Nxb6 h5 44. Nd5 Nd4 45. Nb6 Kf7 46. Nc4 Ke6 47.
Ne3 Nf5 48. Ng2 Kd5 49. Kf3 Kd4 50. Ne1 Kc3 51. Kf2 Kd2 52. Nf3+ Kd3 53. Ne1+
Ke4 54. Nc2 g6 55. Nb4 Nd4 56. Na6 Ne6 57. Nb8 Nxf4 58. gxf4 Kxf4 59. Nd7 Kf5
60. Kg3 g5 61. Nc5 Ke5 1/2-1/2

[Event "39th Zurich Christmas"]
[Site "Zurich SUI"]
[Date "2015.12.27"]
[Round "3.4"]
[White "Kunin, Vitaly"]
[Black "Kurmann, Oliver"]
[Result "1-0"]
[WhiteTitle "GM"]
[BlackTitle "IM"]
[WhiteElo "2572"]
[BlackElo "2435"]
[WhiteFideId "4128737"]
[BlackFideId "1308173"]
[EventDate "2015.12.26"]

1. d4 d5 2. c4 c6 3. e3 Nf6 4. Nf3 e6 5. b3 Nbd7 6. Bb2 Bd6 7. Nbd2 O-O 8. Bd3
Qe7 9. Ne5 Ba3 10. Bc3 c5 11. O-O b6 12. e4 cxd4 13. Nc6 Qc5 14. Nxd4 Bb7 15.
exd5 Nxd5 16. Ne4 Nxc3 17. Nxc5 Nxd1 18. Nxd7 Nb2 19. Nxf8 Nxd3 20. Nd7 Rd8 21.
Rad1 Rxd7 22. Rxd3 Bb2 23. Rfd1 Be4 24. R3d2 Bc3 25. f4 Bxd2 26. Rxd2 Kf8 27.
Nxe6+ Ke7 28. Nd4 h5 29. Kf2 g6 30. Ke3 Bb7 31. g3 Kf6 32. b4 Re7+ 33. Kd3 Re1
34. c5 Ke7 35. Re2+ Rxe2 36. Kxe2 bxc5 37. bxc5 Bd5 38. a3 Kd7 39. Kd3 Kc7 40.
Nb5+ Kc6 1-0

[Event "39th Zurich Christmas"]
[Site "Zurich SUI"]
[Date "2015.12.27"]
[Round "3.5"]
[White "Balint, Vilmos"]
[Black "Pelletier, Yannick"]
[Result "1-0"]
[BlackTitle "GM"]
[WhiteElo "2268"]
[BlackElo "2571"]
[WhiteFideId "718050"]
[BlackFideId "1301837"]
[EventDate "2015.12.26"]

1. Nf3 Nf6 2. g3 d5 3. Bg2 c6 4. O-O Bg4 5. d4 e6 6. Nbd2 Nbd7 7. Re1 Be7 8. c3
O-O 9. e4 a5 10. e5 Ne8 11. Nf1 Nc7 12. Bf4 h6 13. h4 f5 14. exf6 Rxf6 15. N1h2
Rxf4 16. gxf4 Bf5 17. Nf1 Bd6 18. Ne5 Bxe5 19. fxe5 Qxh4 20. Ng3 Rf8 21. Qa4 Qf4
22. Re3 Qxf2+ 23. Kxf2 Bc2+ 24. Rf3 Bxa4 25. b3 Bb5 26. Ke3 Ne8 27. a4 Ba6 28.
Nh5 g5 29. Bh3 Rxf3+ 30. Kxf3 Nf8 31. Ke3 Kf7 32. Ra2 Ng6 33. Rf2+ Ke7 34. Bg4
b6 35. Bh3 Bc8 36. Bf1 Nh4 37. Ng3 Bd7 38. Bd3 Ng7 39. Rf6 h5 40. Bg6 Be8 41.
Bxe8 Kxe8 42. Kf2 g4 43. Nxh5 Nxh5 44. Rxe6+ Kf7 45. Rh6 g3+ 46. Kf1 1-0

[Event "39th Zurich Christmas"]
[Site "Zurich SUI"]
[Date "2015.12.27"]
[Round "3.6"]
[White "Burmakin, Vladimir"]
[Black "Kheit, Wahbi"]
[Result "1-0"]
[WhiteTitle "GM"]
[WhiteElo "2556"]
[BlackElo "2306"]
[WhiteFideId "4105109"]
[BlackFideId "2815702"]
[EventDate "2015.12.26"]

1. Nf3 Nf6 2. c4 e6 3. g3 d5 4. Bg2 dxc4 5. Qa4+ Bd7 6. Qxc4 c5 7. Ne5 Qc7 8.
Nxd7 Qxd7 9. Nc3 Nc6 10. Qa4 Bd6 11. O-O Rc8 12. d3 O-O 13. Bg5 Be5 14. Rac1 Qd8 1-0

[Event "39th Zurich Christmas"]
[Site "Zurich SUI"]
[Date "2015.12.27"]
[Round "3.7"]
[White "Gonda, Laszlo"]
[Black "Haas, Carmi"]
[Result "1-0"]
[WhiteTitle "GM"]
[WhiteElo "2544"]
[BlackElo "2192"]
[WhiteFideId "720852"]
[BlackFideId "1303430"]
[EventDate "2015.12.26"]

1. Nf3 d5 2. g3 Nf6 3. Bg2 c6 4. O-O g6 5. b3 Bg7 6. Bb2 O-O 7. c4 Bg4 8. d3
Nbd7 9. Nbd2 Re8 10. d4 a5 11. Re1 Bxf3 12. exf3 dxc4 13. bxc4 a4 14. f4 e6 15.
Rb1 Qc7 16. Ba1 Ra7 17. Qc2 b6 18. Nf3 Rc8 19. Qe2 Bf8 20. Ne5 Nxe5 21. fxe5 Nd7
22. d5 cxd5 23. cxd5 Bc5 24. d6 Qd8 25. h4 h5 26. Kh2 Nb8 27. Rec1 Qd7 28. Rc4
Qd8 29. Qc2 Nd7 30. Be4 Kg7 31. Kg2 a3 32. Bf3 Rb8 33. Rb5 Qc8 34. Qb3 Qd8 35.
Bc3 Kh7 36. Qc2 Kg8 37. Qe2 Rc8 38. Rb3 Qf8 39. Bxh5 gxh5 40. Qxh5 f5 41. exf6
Nxf6 42. Qg5+ 1-0

[Event "39th Zurich Christmas"]
[Site "Zurich SUI"]
[Date "2015.12.27"]
[Round "3.8"]
[White "Aeschbach, Philipp"]
[Black "Cvitan, Ognjen"]
[Result "0-1"]
[BlackTitle "GM"]
[WhiteElo "2197"]
[BlackElo "2499"]
[WhiteFideId "1308220"]
[BlackFideId "14500086"]
[EventDate "2015.12.26"]

1. d4 Nf6 2. c4 e6 3. g3 c5 4. d5 exd5 5. cxd5 d6 6. Nc3 g6 7. Bg2 Bg7 8. Nf3
O-O 9. O-O Re8 10. Nd2 a6 11. a4 Nbd7 12. h3 Rb8 13. Nc4 Nb6 14. Na3 Bd7 15. Re1
Nc8 16. Qd3 Qc7 17. e4 Na7 18. a5 Qxa5 19. Bf4 Qc7 20. Nc4 Nb5 21. e5 Nh5 22.
exd6 Qd8 23. Be3 Nxc3 24. bxc3 Bb5 25. g4 Nf6 26. Bf4 Nd7 27. Bf1 Qf6 28. Qd2
Bxc4 29. Bxc4 Qxc3 30. Qxc3 Bxc3 31. Rxe8+ Rxe8 32. Rc1 Re1+ 33. Rxe1 Bxe1 34.
g5 Kf8 35. Be2 Bc3 36. Bg4 Ke8 37. Kf1 Kd8 38. h4 Be5 39. Bxd7 Bxf4 40. Ba4 Bxd6
41. Ke2 b5 42. Bc2 c4 43. Kd2 Kc7 44. Kc3 Be5+ 45. Kb4 Kb6 46. Be4 a5+ 47. Ka3
Bd6+ 48. Kb2 Kc5 0-1

[Event "39th Zurich Christmas"]
[Site "Zurich SUI"]
[Date "2015.12.27"]
[Round "3.17"]
[White "Solomonik, Edgar"]
[Black "Gaehler, Marco"]
[Result "0-1"]
[BlackTitle "FM"]
[WhiteElo "1883"]
[BlackElo "2316"]
[WhiteFideId "2083361"]
[BlackFideId "1310089"]
[EventDate "2015.12.26"]

1. Nf3 g6 2. c4 Bg7 3. d4 d6 4. e4 Bg4 5. Be3 Bxf3 6. gxf3 c5 7. Nc3 cxd4 8.
Bxd4 Nf6 9. Nd5 e6 10. Nxf6+ Bxf6 11. Rc1 Nc6 12. Bc3 O-O 13. Bg2 Bxc3+ 14. Rxc3
Qg5 15. O-O e5 16. Qc1 Qh4 17. Rd1 Rfd8 18. Rcd3 Nd4 19. Qe3 Rac8 20. b3 b5 21.
Rc1 bxc4 22. Rdc3 Ne6 23. bxc4 Rc5 24. Ra3 Qe7 25. Kh1 Qc7 26. Rb1 Nd4 27. Qg5
Rb8 28. Rxb8+ Qxb8 29. Rc3 Qb2 30. Rc1 Kg7 31. h4 h5 32. a4 Qxf2 33. Rf1 Qe2 34.
Qe7 Ne6 35. Qxd6 Nf4 36. Rg1 Qf2 37. Qe7 Ne6 38. Rb1 Rc7 39. Qd6 Qxh4+ 40. Kg1
Qg5 0-1

[Event "39th Zurich Christmas"]
[Site "Zurich SUI"]
[Date "2015.12.27"]
[Round "3.19"]
[White "Bindrich, Falko"]
[Black "Ciornei, Dragos"]
[Result "1-0"]
[WhiteTitle "GM"]
[WhiteElo "2583"]
[BlackElo "2181"]
[WhiteFideId "4676670"]
[BlackFideId "4619200"]
[EventDate "2015.12.26"]

1. d4 Nf6 2. c4 g6 3. Nc3 Bg7 4. e4 O-O 5. h3 d6 6. Bg5 c5 7. d5 h6 8. Be3 e6 9.
Bd3 exd5 10. cxd5 b5 11. Nxb5 Ba6 12. Nc3 Re8 13. Nf3 Qa5 14. O-O Nbd7 15. Bf4
Rab8 16. Rb1 c4 17. Bc2 Qc5 18. Qd2 g5 19. Be3 Qc7 20. Nd4 Nc5 21. f3 Bc8 22. h4
Nh7 23. hxg5 hxg5 24. Nc6 Rb6 25. Bd4 f6 26. b4 cxb3 27. axb3 Rb7 28. b4 Nd7 29.
Rfc1 Ne5 30. Ba4 Rf8 31. Nb5 Qd7 32. Ncxa7 1-0

[Event "39th Zurich Christmas"]
[Site "Zurich SUI"]
[Date "2015.12.27"]
[Round "3.19"]
[White "Georgescu, Lena"]
[Black "Bogner, Sebastian"]
[Result "0-1"]
[BlackTitle "GM"]
[WhiteElo "2009"]
[BlackElo "2546"]
[WhiteFideId "1331973"]
[BlackFideId "4692055"]
[EventDate "2015.12.26"]

1. e4 c5 2. d4 cxd4 3. c3 dxc3 4. Nxc3 Nc6 5. Nf3 e6 6. Bc4 a6 7. O-O b5 8. Bb3
Bb7 9. Nd5 Na5 10. Bg5 Be7 11. Nxe7 Nxe7 12. Qd6 Nxb3 13. axb3 f6 14. Bd2 Bxe4
15. Ba5 Qb8 16. Bc7 Qb7 17. Rac1 Nf5 18. Qb4 Rc8 19. Bf4 Kf7 20. Rfd1 Bxf3 21.
gxf3 Nh4 22. Qd6 Rxc1 23. Rxc1 Rc8 24. Rd1 Qxf3 25. Qxd7+ Kg6 26. Qd3+ Qxd3 27.
Rxd3 e5 28. Be3 Nf3+ 0-1

[Event "39th Zurich Christmas"]
[Site "Zurich SUI"]
[Date "2015.12.27"]
[Round "3.20"]
[White "Hugentobler, Patrick"]
[Black "Stojanovic, Mihajlo"]
[Result "0-1"]
[WhiteTitle "FM"]
[BlackTitle "GM"]
[WhiteElo "2188"]
[BlackElo "2510"]
[WhiteFideId "1301497"]
[BlackFideId "916366"]
[EventDate "2015.12.26"]

1. e4 e6 2. d4 d5 3. Nc3 Nf6 4. e5 Nfd7 5. Nf3 c5 6. dxc5 Nc6 7. Bf4 Nxc5 8. Bd3
Be7 9. O-O O-O 10. Qd2 Bd7 11. a3 Nxd3 12. cxd3 Qb6 13. b4 a5 14. b5 d4 15. bxc6
dxc3 16. Qxc3 Bxc6 17. Be3 Qd8 18. Nd4 Ba4 19. Rfc1 Rc8 20. Qxc8 Qxc8 21. Rxc8
Rxc8 22. Rc1 Rd8 23. Kf1 g5 24. Ke2 h6 25. h3 Be8 26. Rc3 Kf8 27. g3 b5 28. f4
b4 29. axb4 Bxb4 30. Rc7 a4 31. Nc6 Bxc6 32. Rxc6 Ra8 33. Rc2 gxf4 34. Bxf4 h5
35. Bd2 Bxd2 36. Kxd2 a3 37. Ra2 Kg7 38. Ke3 Kg6 39. Ke4 Kg5 40. d4 Ra4 41. Ke3
Kf5 42. Rf2+ Kg6 43. Ra2 Kg7 44. Kd3 Kf8 45. Kc3 Ke7 46. Kb3 Rxd4 47. Rxa3 Re4
48. Kc2 Rxe5 49. Kd2 Kf6 50. Ra7 Kg6 51. Ra8 Kg7 52. Ra7 Re4 53. Ra3 f5 54. Ra7+
Kg6 55. Ra8 h4 56. g4 fxg4 57. hxg4 Rxg4 58. Ke3 Rg5 59. Kf4 Rh5 60. Rg8+ Kf7
61. Rg2 h3 62. Rh2 e5+ 63. Ke4 Kf6 64. Rf2+ Ke6 65. Rh2 Rh4+ 66. Kf3 Kf5 67. Kg3
Rh8 68. Kf3 e4+ 69. Ke3 Ke5 70. Rh1 Rh7 71. Rh2 Rh6 72. Rh1 Rh4 73. Rh2 Kd5 74.
Rd2+ Ke5 75. Rh2 Kf5 76. Rf2+ Kg4 0-1

[Event "39th Zurich Christmas"]
[Site "Zurich SUI"]
[Date "2015.12.28"]
[Round "4.2"]
[White "Bauer, Christian"]
[Black "Gonda, Laszlo"]
[Result "1-0"]
[WhiteTitle "GM"]
[BlackTitle "GM"]
[WhiteElo "2624"]
[BlackElo "2544"]
[WhiteFideId "603767"]
[BlackFideId "720852"]
[EventDate "2015.12.26"]

1. e4 e5 2. Nf3 Nc6 3. g3 Nf6 4. d3 g6 5. Bg2 Bg7 6. O-O O-O 7. Nc3 d6 8. h3 Ne8
9. Bg5 f6 10. Be3 f5 11. exf5 gxf5 12. Nd5 Nf6 13. Bg5 Be6 14. Nh4 Qd7 15. c4
Qf7 16. Nc3 Kh8 17. Qd2 Ng8 18. Rae1 Rae8 19. Nd5 Nd4 20. Be3 c6 21. Nc3 Bf6 22.
Bxd4 exd4 23. Ne2 Bxh4 24. gxh4 f4 25. Nxd4 Bxh3 26. Bxh3 Qg7+ 27. Kh2 Qxd4 28.
Qc3 Qxc3 29. bxc3 Nf6 30. a4 b6 31. Bf5 c5 32. Kg2 f3+ 33. Kg3 Re2 34. Rxe2 fxe2
35. Re1 Nh5+ 36. Kg4 Ng7 37. Be4 Rxf2 38. Bf3 Kg8 39. Kg3 Rf1 40. Rxe2 Kf8 41.
Kg2 Rc1 42. Rf2 h6 43. Bh5+ Kg8 44. Bf7+ Kh7 45. Rf6 Rc2+ 46. Kf3 Rc1 47. Bg6+
Kg8 48. Rxd6 Rf1+ 49. Ke4 Kf8 50. Ke5 Ke7 51. Be4 h5 52. Rg6 Ne8 53. Re6+ Kd8
54. Rh6 Ng7 55. Rf6 1-0

[Event "39th Zurich Christmas"]
[Site "Zurich SUI"]
[Date "2015.12.28"]
[Round "4.3"]
[White "Balint, Vilmos"]
[Black "Kunin, Vitaly"]
[Result "0-1"]
[BlackTitle "GM"]
[WhiteElo "2268"]
[BlackElo "2572"]
[WhiteFideId "718050"]
[BlackFideId "4128737"]
[EventDate "2015.12.26"]

1. Nf3 Nf6 2. g3 b5 3. Na3 a6 4. Bg2 Bb7 5. c4 e6 6. b3 Be7 7. cxb5 O-O 8. O-O
d5 9. Bb2 Nbd7 10. d4 Re8 11. bxa6 Bxa6 12. Nb1 c5 13. Nbd2 Qb6 14. a3 cxd4 15.
Bxd4 Qb8 16. Re1 e5 17. Bb2 Bc5 18. Bh3 d4 19. b4 Ba7 20. Qb3 Bb7 21. Rac1 Qd8
22. Qc2 Bb6 23. Nc4 Rc8 24. Qf5 Bc7 25. Red1 Bb8 26. Ng5 h6 27. Nh7 Rc7 28.
Nxf6+ Nxf6 29. Na5 Be4 30. Nb7 Qe7 31. Rxc7 Bxc7 0-1

[Event "39th Zurich Christmas"]
[Site "Zurich SUI"]
[Date "2015.12.28"]
[Round "4.4"]
[White "Habu, Yoshiharu"]
[Black "Georgiev, Kiril"]
[Result "0-1"]
[WhiteTitle "FM"]
[BlackTitle "GM"]
[WhiteElo "2398"]
[BlackElo "2627"]
[WhiteFideId "7000537"]
[BlackFideId "2900017"]
[EventDate "2015.12.26"]

1. e4 e5 2. Nf3 Nc6 3. Bc4 Bc5 4. c3 Nf6 5. d4 exd4 6. e5 d5 7. Be2 Ne4 8. cxd4
Bb6 9. O-O O-O 10. Nc3 Be6 11. Be3 f6 12. exf6 Qxf6 13. Na4 Kh8 14. Rc1 Bg4 15.
a3 Rae8 16. b4 Nd6 17. b5 Bxf3 18. Bxf3 Nxb5 19. Nxb6 cxb6 20. Bxd5 Nbxd4 21.
Rc4 Nf5 22. Rf4 Qd6 23. Bc1 Rd8 24. Bf3 Qc5 25. Qa4 b5 26. Qe4 Rd4 27. Qb1 Rxf4
28. Bxf4 Nfd4 29. Bxc6 Nxc6 30. Be3 Qf5 31. Qb2 Rd8 32. h3 Kg8 33. Re1 a6 34.
Bb6 Rf8 35. Qc3 h6 36. Qe3 Kh7 37. Qc3 Qg6 38. Qe3 Rf5 39. Qc3 Rg5 40. g3 Rd5
41. Qf3 Qf5 42. Qxf5+ Rxf5 43. Rd1 Rf7 44. Kg2 Ne5 45. Be3 Nc4 46. Rd3 h5 47.
Bf4 Kg6 48. Bb8 Kf5 49. Kf3 Ke6+ 50. Ke2 Rd7 0-1

[Event "39th Zurich Christmas"]
[Site "Zurich SUI"]
[Date "2015.12.28"]
[Round "4.5"]
[White "Vorobiov, Evgeny E."]
[Black "Georgiadis, Nico"]
[Result "1/2-1/2"]
[WhiteTitle "GM"]
[BlackTitle "IM"]
[WhiteElo "2574"]
[BlackElo "2485"]
[WhiteFideId "4121341"]
[BlackFideId "1300113"]
[EventDate "2015.12.26"]

1. d4 f5 2. Nf3 Nf6 3. g3 g6 4. Bg2 Bg7 5. O-O O-O 6. b3 d6 7. Bb2 Qe8 8. c4 Na6
9. Nbd2 c5 10. d5 b5 11. Ne1 Rb8 12. Nd3 bxc4 13. bxc4 e6 14. dxe6 Bxe6 15. a3
Nc7 16. Qc2 Bd7 17. Rae1 Ba4 18. Qc1 Bc6 19. Bxf6 Bxf6 20. e4 Qd7 21. exf5 Bxg2
22. Kxg2 Qxf5 23. Ne4 Bd4 24. Qd1 Rbd8 25. Nf4 1/2-1/2

[Event "39th Zurich Christmas"]
[Site "Zurich SUI"]
[Date "2015.12.28"]
[Round "4.6"]
[White "Sebenik, Matej"]
[Black "Dragnev, Valentin"]
[Result "1/2-1/2"]
[WhiteTitle "GM"]
[BlackTitle "FM"]
[WhiteElo "2523"]
[BlackElo "2356"]
[WhiteFideId "14602296"]
[BlackFideId "1634852"]
[EventDate "2015.12.26"]

1. Nf3 c5 2. c4 Nc6 3. Nc3 Nf6 4. g3 d5 5. d4 e6 6. cxd5 Nxd5 7. Bg2 Nf6 8. e3
Be7 9. O-O O-O 10. a3 Rb8 11. dxc5 Bxc5 12. b4 Be7 13. e4 e5 14. b5 Na5 15. Nxe5
Qxd1 16. Rxd1 Nb3 17. Ra2 Nxc1 18. Rxc1 Be6 19. Nd5 Bxd5 20. exd5 Rfd8 21. a4 g5
22. h3 Kg7 23. Rd2 Bd6 24. Nc4 Bb4 25. Rdd1 Ne8 26. Rb1 Bc5 27. d6 Nxd6 28. Rd5
Bxf2+ 29. Kxf2 Nxc4 30. Rxg5+ Kf6 31. Rc5 Rd2+ 32. Kg1 Ne3 33. Be4 Rg8 34. g4
Nxg4 35. Bxh7 Rg7 36. hxg4 Rxh7 37. Rf1+ Kg6 38. g5 Rh5 39. Rf6+ Kg7 40. Rf2
Rxf2 41. Kxf2 Rh4 42. Rc7 Rxa4 43. Rxb7 Kg6 44. Ke3 Rb4 45. Kd3 Kxg5 46. Rxf7
Rxb5 47. Rxa7 1/2-1/2

[Event "39th Zurich Christmas"]
[Site "Zurich SUI"]
[Date "2015.12.28"]
[Round "4.7"]
[White "Dimitrov, Atanas"]
[Black "Gundavaa, Bayarsaikhan"]
[Result "0-1"]
[WhiteTitle "IM"]
[BlackTitle "GM"]
[WhiteElo "2331"]
[BlackElo "2506"]
[WhiteFideId "2901315"]
[BlackFideId "4901045"]
[EventDate "2015.12.26"]

1. d4 Nf6 2. Nf3 e6 3. e3 d5 4. Bd3 c5 5. b3 Nc6 6. Bb2 Bd6 7. dxc5 Bxc5 8. Nbd2
Qe7 9. c4 O-O 10. O-O Rd8 11. a3 a5 12. Qc2 d4 13. exd4 Nxd4 14. Bxd4 Bxd4 15.
Nxd4 Rxd4 16. Nf3 Rd8 17. Ne5 Qc5 18. Rfe1 Ra6 19. Re3 h6 20. h3 Rad6 21. Rae1
Qxa3 22. Rf3 Qc5 23. Ree3 Kf8 24. g4 b6 25. h4 Bb7 26. Rg3 Nd7 27. Nf3 Bxf3 28.
Rgxf3 Ne5 29. Rg3 Qd4 30. Be2 Ng6 31. h5 Nf4 32. Qe4 Qa1+ 33. Kh2 Qf6 34. Kg1
Rd4 35. Qf3 Rd2 36. Qe4 R2d4 37. Qc2 Nxe2+ 38. Qxe2 Rd1+ 39. Kg2 Qa1 40. Kf3
R8d2 0-1

[Event "39th Zurich Christmas"]
[Site "Zurich SUI"]
[Date "2015.12.28"]
[Round "4.8"]
[White "Cvitan, Ognjen"]
[Black "Gaehler, Marco"]
[Result "1-0"]
[WhiteTitle "GM"]
[BlackTitle "FM"]
[WhiteElo "2499"]
[BlackElo "2316"]
[WhiteFideId "14500086"]
[BlackFideId "1310089"]
[EventDate "2015.12.26"]

1. d4 Nf6 2. c4 e6 3. Nf3 c5 4. d5 exd5 5. cxd5 b5 6. Bg5 h6 7. Bxf6 Qxf6 8. Qc2
d6 9. e4 a6 10. a4 b4 11. Bd3 Bg4 12. Nfd2 Bh5 13. O-O Nd7 14. Nc4 Be7 15. Nbd2
O-O 16. f4 Qd4+ 17. Kh1 g5 18. e5 dxe5 19. d6 Bxd6 20. Nb3 Qd5 21. Be4 Qe6 22.
f5 Qe7 23. Bxa8 Rxa8 24. g4 1-0

[Event "39th Zurich Christmas"]
[Site "Zurich SUI"]
[Date "2015.12.28"]
[Round "4.9"]
[White "Wyss, Jonas"]
[Black "Bindrich, Falko"]
[Result "1-0"]
[WhiteTitle "FM"]
[BlackTitle "GM"]
[WhiteElo "2289"]
[BlackElo "2583"]
[WhiteFideId "1311387"]
[BlackFideId "4676670"]
[EventDate "2015.12.26"]

1. e4 e5 2. Nf3 Nc6 3. Bb5 a6 4. Ba4 Nf6 5. O-O Be7 6. Re1 b5 7. Bb3 d6 8. c3
O-O 9. h3 Nb8 10. d4 Nbd7 11. Nbd2 Bb7 12. Bc2 Re8 13. Nf1 Bf8 14. Ng3 g6 15. a4
c5 16. d5 c4 17. Bg5 Nc5 18. Qd2 Be7 19. Ra3 Nfd7 20. Bh6 Nb6 21. axb5 axb5 22.
Rea1 Qc7 23. Nh2 Nba4 24. R1a2 Bc8 25. f4 Bh4 26. Ngf1 Bd8 27. Nf3 Bb7 28. Ng3
Nb6 29. Rxa8 Nxa8 30. f5 Nb6 31. Qf2 Nd3 32. Bxd3 cxd3 33. Nd2 Nc4 34. b3 Na5
35. Nh5 Qe7 36. Qg3 Bc8 37. Kh2 Kh8 38. Bg7+ Kg8 39. Bf6 Qf8 40. Bxd8 Rxd8 41.
Rxa5 Kh8 42. Qxd3 gxh5 43. Qxb5 Qh6 44. Qe2 Qf4+ 45. Kh1 Rg8 46. Ra1 Qg3 47. Qf3
Qh4 48. Kh2 Qg5 49. Nc4 Qh6 50. Ra7 h4 51. Ra8 f6 52. Nxd6 Rxg2+ 53. Qxg2 Qf4+
54. Kh1 Qc1+ 55. Qg1 1-0

[Event "39th Zurich Christmas"]
[Site "Zurich SUI"]
[Date "2015.12.28"]
[Round "4.10"]
[White "Pelletier, Yannick"]
[Black "Knoedler, Dieter"]
[Result "1-0"]
[WhiteTitle "GM"]
[BlackTitle "FM"]
[WhiteElo "2571"]
[BlackElo "2333"]
[WhiteFideId "1301837"]
[BlackFideId "4606531"]
[EventDate "2015.12.26"]

1. c4 Nf6 2. g3 e6 3. Bg2 c5 4. Nf3 Be7 5. O-O O-O 6. d4 cxd4 7. Nxd4 a6 8. e4
Qc7 9. Qe2 d6 10. Nc3 Bd7 11. f4 Nc6 12. Nb3 Rfc8 13. Kh1 Be8 14. Be3 Nd8 15.
Nd2 Rab8 16. Ba7 Ra8 17. Bg1 Nd7 18. Rac1 Qa5 19. Nb3 Qb4 20. Qd1 Nc5 21. Nxc5
dxc5 22. Rf2 Nc6 23. a3 Qa5 24. Rd2 Rd8 25. Rcc2 Qc7 26. e5 Na5 27. Rxd8 Rxd8
28. Qe2 Nb3 29. Qe3 b6 30. Ne4 Nd4 31. Rd2 h6 32. Qc3 Nf5 33. Bf2 Rxd2 34. Qxd2
Qd7 35. Qxd7 Bxd7 36. Bf3 Ba4 37. Kg2 Bc2 38. Nc3 Bb3 39. Be2 g5 40. Kf3 gxf4
41. gxf4 Bh4 42. Bd3 Bxf2 43. Kxf2 Nd4 44. Ne4 Kf8 45. Nf6 Ba4 46. Ke3 Bc6 47.
Be4 Ba4 48. Bb7 a5 49. Be4 Kg7 50. b4 axb4 51. axb4 Bb3 52. Nd7 Nf5+ 53. Bxf5
exf5 54. bxc5 bxc5 55. Kd3 Kg6 56. Nxc5 Ba2 57. Nb7 Kh5 58. Nd6 Kg4 59. Nxf7 1-0

[Event "39th Zurich Christmas"]
[Site "Zurich SUI"]
[Date "2015.12.28"]
[Round "4.16"]
[White "Gantner, Matthias"]
[Black "Studer, Noel"]
[Result "0-1"]
[WhiteTitle "FM"]
[BlackTitle "IM"]
[WhiteElo "2274"]
[BlackElo "2404"]
[WhiteFideId "1310534"]
[BlackFideId "1319620"]
[EventDate "2015.12.26"]

1. e4 e6 2. d4 d5 3. Nc3 Nf6 4. e5 Nfd7 5. Nf3 c5 6. dxc5 Nc6 7. Bf4 Nxc5 8. Qd2
a6 9. O-O-O b5 10. Qe3 Bd7 11. Ne2 Na5 12. b3 Ne4 13. Nfd4 g5 14. Bg3 Qb6 15.
Nc3 Nc4 16. Bxc4 Nxc3 17. Qxc3 bxc4 18. Qe3 Bc5 19. f4 a5 20. bxc4 dxc4 21. Rhf1
Rb8 22. Qc3 O-O 23. fxg5 Ba4 24. Rf4 Rfd8 25. Bf2 Ba3+ 26. Qxa3 Qb1+ 27. Kd2
Qxc2+ 28. Ke3 Qxd1 0-1

[Event "39th Zurich Christmas"]
[Site "Zurich SUI"]
[Date "2015.12.28"]
[Round "4.19"]
[White "Majer, Damir"]
[Black "Riff, Vincent"]
[Result "0-1"]
[WhiteTitle "FM"]
[BlackTitle "FM"]
[WhiteElo "2222"]
[BlackElo "2372"]
[WhiteFideId "4615689"]
[BlackFideId "617776"]
[EventDate "2015.12.26"]

1. Nf3 Nf6 2. c4 g6 3. Nc3 Bg7 4. e4 d6 5. d4 O-O 6. Be2 c5 7. dxc5 Qa5 8. O-O
Qxc5 9. Be3 Qa5 10. Nd4 Nc6 11. Re1 Bd7 12. Nb3 Qd8 13. c5 Ne8 14. Qd2 Be6 15.
Nd5 Nf6 16. Nxf6+ Bxf6 17. cxd6 Qxd6 18. Nc5 Nd4 19. Nxe6 Nxe2+ 20. Rxe2 Qxe6
21. Qd5 Qa6 22. Rd2 e6 23. Qb3 Rfd8 24. Rad1 Rxd2 25. Rxd2 Rc8 26. h3 Qc6 27.
Qd3 Rd8 28. Qb1 Rxd2 29. Bxd2 Bd4 30. Be1 Qb5 31. b3 Qe2 32. a4 a6 33. h4 h5 34.
g3 Qf3 35. Kf1 Bc3 36. Kg1 Bxe1 37. Qxe1 Qxb3 38. a5 b5 39. axb6 Qxb6 40. Qc3
Qd8 41. Qc6 a5 42. Kg2 Qb8 43. Qa4 Qb4 44. Qe8+ Kg7 45. f4 a4 46. e5 Qd2+ 47.
Kg1 Qc1+ 48. Kh2 a3 49. Qd8 Qc2+ 0-1